Moderní ekonomie
Enregistré dans:
| Auteurs principaux: | , |
|---|---|
| Format: | Livre |
| Langue: | tchèque |
| Publié: |
Praha
Economia
1991
|
| Édition: | 1. vyd. |
| Collection: | Knižnice Hospodářských novin
|
| Sujets: | |
| Accès en ligne: | Voir à l'OPAC |
| Tags: |
Pas de tags, Soyez le premier à ajouter un tag!
|
MARC
| LEADER | 00000nam a2200000 a 4500 | ||
|---|---|---|---|
| 005 | 20260127134105.0 | ||
| 008 | 131003s1991 CS 0 cze c | ||
| 020 | |a 8085378019 | ||
| 035 | |a vtls001128965 | ||
| 035 | |a SNK000071815 | ||
| 039 | 9 | |a 201310031054 |b VLOAD |c 201306201729 |d VLOAD |c 201212061352 |d mspk01 |c 200809181100 |d mschk03 |y 200412250604 |z VLOAD | |
| 040 | |a SNK |b slo |c SNK |d STUSCHK1 |e AACR2 | ||
| 041 | 0 | |a cze | |
| 044 | |a [CS] | ||
| 080 | |a 33 |2 1981 | ||
| 100 | 1 | |a Konečný, Bronislav |9 488 | |
| 245 | 1 | |a Moderní ekonomie |c Bronislav Konečný, Milan Sojka | |
| 250 | |a 1. vyd. | ||
| 260 | |a Praha |b Economia |c 1991 | ||
| 300 | |a 185, [13] s. |c 30 cm | ||
| 490 | 0 | |a Knižnice Hospodářských novin | |
| 650 | 0 | 7 | |a ekonómia |2 SNKPH |
| 655 | 7 | |a príručky |2 SNKPH | |
| 700 | 1 | |a Sojka, Milan |4 aut | |
| 910 | |a SCHK95 | ||
| 919 | |a 80-85378-01-9 | ||
| 954 | |a ekonómia |x príručky | ||
| 999 | |c 3832 |d 3832 | ||